<?xml version="1.0" encoding="UTF-8"?>
<collection xmlns="http://www.loc.gov/MARC21/slim">
 <record>
  <leader>00802cam a2200205 7i4500</leader>
  <controlfield tag="001">0000022832</controlfield>
  <controlfield tag="005">20180221090000.0</controlfield>
  <controlfield tag="008">180221s1991    -us                 eng   </controlfield>
  <datafield tag="020" ind1="#" ind2="0">
   <subfield code="a">1888777036 </subfield>
  </datafield>
  <datafield tag="040" ind1="#" ind2="#">
   <subfield code="b">eng</subfield>
   <subfield code="c">UMT</subfield>
   <subfield code="e">rda</subfield>
  </datafield>
  <datafield tag="090" ind1="0" ind2="0">
   <subfield code="a">AE 5 </subfield>
   <subfield code="b">.N4 1991</subfield>
  </datafield>
  <datafield tag="245" ind1="0" ind2="4">
   <subfield code="a">The new webster's international encyclopedia : </subfield>
   <subfield code="b">the new illustrated home reference guide  </subfield>
   <subfield code="c">edited by Michael D. Harkavy.</subfield>
  </datafield>
  <datafield tag="264" ind1="#" ind2="#">
   <subfield code="a">U.S.A: </subfield>
   <subfield code="b">Trident Press International, </subfield>
   <subfield code="c">1991.</subfield>
  </datafield>
  <datafield tag="264" ind1="#" ind2="4">
   <subfield code="a">♭ 1991.</subfield>
  </datafield>
  <datafield tag="300" ind1="#" ind2="#">
   <subfield code="a">1230 pages: </subfield>
   <subfield code="b">color and black and white, illustration, maps and charts; </subfield>
   <subfield code="c">28 cm..</subfield>
  </datafield>
  <datafield tag="650" ind1="0" ind2="0">
   <subfield code="a">Children's encyclopedias and dictionaries </subfield>
  </datafield>
  <datafield tag="650" ind1="0" ind2="0">
   <subfield code="a">Encyclopeidas and dictionaries </subfield>
  </datafield>
  <datafield tag="700" ind1="1" ind2="1">
   <subfield code="a">Harkavy, Michael David </subfield>
  </datafield>
  <datafield tag="710" ind1="2" ind2="1">
   <subfield code="a">American Booksellers Assocition </subfield>
  </datafield>
  <datafield tag="999" ind1=" " ind2=" ">
   <subfield code="a">1000385374</subfield>
   <subfield code="b">Book</subfield>
   <subfield code="c">Rujukan</subfield>
   <subfield code="e">KOLEKSI RUJUKAN</subfield>
  </datafield>
 </record>
</collection>
